The Sultan and the three thieves (Record no. 70540)
[ view plain ]
| 000 -LEADER | |
|---|---|
| fixed length control field | 00708nam a2200253 i 4500 |
| 001 - CONTROL NUMBER | |
| control field | C2-0259069 |
| 003 - CONTROL NUMBER IDENTIFIER | |
| control field | PPAK |
| 005 - DATE AND TIME OF LATEST TRANSACTION | |
| control field | 20180727225529.0 |
| 008 - FIXED-LENGTH DATA ELEMENTS--GENERAL INFORMATION | |
| fixed length control field | 041007s2004 my a|||| ||||| | eng d |
| 020 ## - INTERNATIONAL STANDARD BOOK NUMBER | |
| International Standard Book Number | 9831916492 |
| 040 ## - CATALOGING SOURCE | |
| Original cataloging agency | PPAK |
| Language of cataloging | eng |
| Transcribing agency | PPAK |
| Description conventions | rda |
| 082 04 - DEWEY DECIMAL CLASSIFICATION NUMBER | |
| Classification number | 398.2 |
| Edition number | 23 |
| 090 00 - LOCALLY ASSIGNED LC-TYPE CALL NUMBER (OCLC); LOCAL CALL NUMBER (RLIN) | |
| Classification number (OCLC) (R) ; Classification number, CALL (RLIN) (NR) | 398.2 |
| Feature heading | SUL |
| Feature heading | RK |
| 245 04 - TITLE STATEMENT | |
| Title | The Sultan and the three thieves |
| 264 #1 - PRODUCTION, PUBLICATION, DISTRIBUTION, MANUFACTURE, AND COPYRIGHT NOTICE | |
| Place of production, publication, distribution, manufacture | Kuala Lumpur : |
| Name of producer, publisher, distributor, manufacturer | Kohwai & Young , |
| Date of production, publication, distribution, manufacture, or copyright notice | 2004 |
| 300 ## - PHYSICAL DESCRIPTION | |
| Extent | 16 pages : |
| Other physical details | colour illustrations ; |
| Dimensions | 46 cm |
| 336 ## - CONTENT TYPE | |
| Source | rdacontent |
| Content type term | text |
| 337 ## - MEDIA TYPE | |
| Source | rdamedia |
| Media type term | unmediated |
| 338 ## - CARRIER TYPE | |
| Source | rdacarrier |
| Carrier type term | volume |
| 490 1# - SERIES STATEMENT | |
| Series statement | Malaysian legends series |
| 650 10 - SUBJECT ADDED ENTRY--TOPICAL TERM | |
| Topical term or geographic name entry element | Folklore, Malaysia |
| 830 #0 - SERIES ADDED ENTRY--UNIFORM TITLE | |
| Uniform title | Malaysian legends series |
| 942 ## - ADDED ENTRY ELEMENTS (KOHA) | |
| -- | dc |
| Koha item type | Book |
| Withdrawn | Not for loan | Current library | Shelving location | Date acquired | Full call number | Barcode | Date last seen | Koha item type | Total Checkouts |
|---|---|---|---|---|---|---|---|---|---|
| Not For Loan | Perpustakaan Alor Setar | Rujukan Kanak-kanak | 13/03/2005 | RK 398.2 SUL | A01078897 | 09/05/2018 | Book | ||
| Not For Loan | Perpustakaan Awam Sungai Petani | Rujukan Kanak-kanak | 13/03/2005 | RK 398.2 SUL | A01078898 | 09/05/2018 | Book | ||
| Not For Loan | Perpustakaan Baling | Rujukan Kanak-kanak | 13/03/2005 | RK 398.2 SUL | A01078905 | 09/05/2018 | Book | ||
| Not For Loan | Perpustakaan Bandar Baharu | Rujukan Kanak-kanak | 13/03/2005 | RK 398.2 SUL | A01078903 | 09/05/2018 | Book | ||
| Not For Loan | Perpustakaan Jitra | Rujukan Kanak-kanak | 13/03/2005 | RK 398.2 SUL | A01078906 | 09/05/2018 | Book | ||
| Not For Loan | Perpustakaan Jitra | Rujukan Kanak-kanak | 13/03/2005 | RK 398.2 SUL | A01078931 | 09/05/2018 | Book | ||
| Not For Loan | Perpustakaan Langkawi | Rujukan Kanak-kanak | 13/03/2005 | RK 398.2 SUL | A01078900 | 09/05/2018 | Book | ||
| Not For Loan | Perpustakaan Sik | Rujukan Kanak-kanak | 13/03/2005 | RK 398.2 SUL | A01078904 | 09/05/2018 | Book | ||
| Not For Loan | Perpustakaan Yan | Rujukan Kanak-kanak | 13/03/2005 | RK 398.2 SUL | A01078902 | 09/05/2018 | Book | ||
| Not For Loan | PD07, Kg. Jelutong, Sik | Rujukan Kanak-kanak | 13/03/2005 | RK 398.2 SUL | A01078917 | 09/05/2018 | Book | ||
| Not For Loan | PD08, Felda Gunung Bongsu, Kulim | Rujukan Kanak-kanak | 13/03/2005 | RK 398.2 SUL | A01078918 | 09/05/2018 | Book | ||
| Not For Loan | PD12, Kg. Padang, Baling | Rujukan Kanak-kanak | 13/03/2005 | RK 398.2 SUL | A01078921 | 09/05/2018 | Book | ||
| Not For Loan | PD13, KEDA Lahar Tunjung, Pendang | Rujukan Kanak-kanak | 13/03/2005 | RK 398.2 SUL | A01078922 | 09/05/2018 | Book | ||
| Not For Loan | PD15, Kg. Naga, Kepala Batas | Rujukan Kanak-kanak | 13/03/2005 | RK 398.2 SUL | A01078911 | 09/05/2018 | Book | ||
| Not For Loan | PD15, Kg. Naga, Kepala Batas | Rujukan Kanak-kanak | 13/03/2005 | RK 398.2 SUL | A01078924 | 09/05/2018 | Book | ||
| Not For Loan | PD17, Kg. Binjul, Kuala Ketil | Rujukan Kanak-kanak | 13/03/2005 | RK 398.2 SUL | A01078926 | 09/05/2018 | Book | ||
| Not For Loan | PD18, Kg. Wang Tepus, Jitra | Rujukan Kanak-kanak | 13/03/2005 | RK 398.2 SUL | A01078927 | 09/05/2018 | Book | ||
| Not For Loan | PD24, Felda Bukit Tangga, Bukit Kayu Hitam | Rujukan Kanak-kanak | 13/03/2005 | RK 398.2 SUL | A01078933 | 09/05/2018 | Book | ||
| Not For Loan | PD25, KEDA Batu 13, Pokok Sena | Rujukan Kanak-kanak | 13/03/2005 | RK 398.2 SUL | A01078934 | 09/05/2018 | Book | ||
| Not For Loan | PD29, Kg. Gajah Putih, Sik | Rujukan Kanak-kanak | 13/03/2005 | RK 398.2 SUL | A01078938 | 09/05/2018 | Book | ||
| Not For Loan | PD35, Kg. Sungai Daun, Yan | Rujukan Kanak-kanak | 13/03/2005 | RK 398.2 SUL | A01078907 | 09/05/2018 | Book | ||
| Not For Loan | PD37, Kg. Belat, Pendang | Rujukan Kanak-kanak | 13/03/2005 | RK 398.2 SUL | A01078909 | 09/05/2018 | Book | ||
| Not For Loan | PD38, KEDA Tanjung Setol, Pendang | Rujukan Kanak-kanak | 13/03/2005 | RK 398.2 SUL | A01078910 | 09/05/2018 | Book | ||
| Not For Loan | PD39, Felda Bukit Tembaga, Kuala Nerang | Rujukan Kanak-kanak | 13/03/2005 | RK 398.2 SUL | A01078912 | 09/05/2018 | Book |